[Event "ROM-chT"]
[Site "Oradea"]
[Date "2022.09.26"]
[Round "6.1"]
[White "Itkis, Boris"]
[Black "Berescu, Alin Mile"]
[Result "1/2-1/2"]
[WhiteElo "2332"]
[BlackElo "2440"]
[PlyCount "28"]
[EventDate "2022.09.21"]
[EventType "team-tourn"]
[EventRounds "9"]
[EventCountry "ROU"]
[SourceTitle "EXT 2024"]
[Source "ChessBase"]
[SourceDate "2023.10.10"]
[SourceVersion "1"]
[SourceVersionDate "2023.10.10"]
[SourceQuality "1"]
[WhiteTeam "Techirghiol Victoria"]
[BlackTeam "Arad Vados"]
[WhiteTeamCountry "ROU"]
[BlackTeamCountry "ROU"]

1. Nf3 Nf6 2. c4 e6 3. g3 d5 4. Bg2 dxc4 5. Qa4+ Nbd7 6. Qxc4 a6 7. Qb3 e5 8. Nc3 Bc5 9. 0-0 0-0 10. e3 Ba7 11. d4 exd4 12. exd4 c6 13. Bf4 Nb6 14. Rad1 Be6 1/2-1/2

[Event "ROM-chT"]
[Site "Sovata"]
[Date "2018.11.28"]
[Round "5.3"]
[White "Berescu, Alin Mile"]
[Black "Cioara, Andrei Nestor"]
[Result "1/2-1/2"]
[WhiteElo "2450"]
[BlackElo "2427"]
[PlyCount "26"]
[EventDate "2018.11.24"]
[EventType "team-tourn"]
[EventRounds "9"]
[EventCountry "ROU"]
[SourceTitle "CBM 187 Extra"]
[Source "ChessBase"]
[SourceDate "2018.11.04"]
[SourceVersion "1"]
[SourceVersionDate "2018.11.04"]
[SourceQuality "1"]
[WhiteTeam "Galati"]
[BlackTeam "Ploiesti Universitar"]
[WhiteTeamCountry "ROU"]
[BlackTeamCountry "ROU"]

1. e4 d5 2. exd5 Qxd5 3. Nc3 Qa5 4. d4 Nf6 5. Nf3 Bf5 6. Bc4 e6 7. Bd2 Bb4 8. Ne5 Nbd7 9. a3 Bxc3 10. Bxc3 Qb6 11. Nxd7 Nxd7 12. 0-0 0-0-0 13. d5 exd5 1/2-1/2

[Event "ROM-chT"]
[Site "Sovata"]
[Date "2018.11.27"]
[Round "4.3"]
[White "Vrencian, Lehel"]
[Black "Berescu, Alin Mile"]
[Result "1/2-1/2"]
[WhiteElo "2321"]
[BlackElo "2450"]
[PlyCount "40"]
[EventDate "2018.11.24"]
[EventType "team-tourn"]
[EventRounds "9"]
[EventCountry "ROU"]
[SourceTitle "CBM 187 Extra"]
[Source "ChessBase"]
[SourceDate "2018.11.04"]
[SourceVersion "1"]
[SourceVersionDate "2018.11.04"]
[SourceQuality "1"]
[WhiteTeam "Otopeni"]
[BlackTeam "Galati"]
[WhiteTeamCountry "ROU"]
[BlackTeamCountry "ROU"]

1. e4 c5 2. c3 d6 3. d4 Nf6 4. Bd3 Nc6 5. Nf3 g6 6. 0-0 Bg7 7. d5 Nb8 8. h3 0-0 9. Re1 Na6 10. Bf4 Nc7 11. a4 e6 12. dxe6 Nxe6 13. Bh2 Nh5 14. Na3 Nhf4 15. Bf1 Qf6 16. Nc4 Rd8 17. Ne3 Ng5 18. Nxg5 Qxg5 19. Kh1 Be6 20. Qf3 Be5 1/2-1/2

[Event "ROM-chT"]
[Site "Sovata"]
[Date "2018.11.26"]
[Round "3.4"]
[White "Berescu, Alin Mile"]
[Black "Ionescu, Constantin"]
[Result "1/2-1/2"]
[WhiteElo "2450"]
[BlackElo "2432"]
[PlyCount "28"]
[EventDate "2018.11.24"]
[EventType "team-tourn"]
[EventRounds "9"]
[EventCountry "ROU"]
[SourceTitle "CBM 187 Extra"]
[Source "ChessBase"]
[SourceDate "2018.11.04"]
[SourceVersion "1"]
[SourceVersionDate "2018.11.04"]
[SourceQuality "1"]
[WhiteTeam "Galati"]
[BlackTeam "Techirghiol Victoria"]
[WhiteTeamCountry "ROU"]
[BlackTeamCountry "ROU"]

1. e4 c5 2. Nf3 e6 3. d4 cxd4 4. Nxd4 a6 5. Nc3 d6 6. Be3 Nf6 7. f3 Qc7 8. Qd2 h5 9. 0-0-0 Nbd7 10. Kb1 b5 11. Bd3 Bb7 12. Rhe1 b4 13. Nce2 e5 14. Nf5 g6 1/2-1/2

[Event "ROM-chT"]
[Site "Baile Govora"]
[Date "2017.11.15"]
[Round "5.5"]
[White "Doncea, Vladimir"]
[Black "Berescu, Alin Mile"]
[Result "0-1"]
[WhiteElo "2375"]
[BlackElo "2449"]
[PlyCount "63"]
[EventDate "2017.11.11"]
[EventType "team-tourn"]
[EventRounds "9"]
[EventCountry "ROU"]
[SourceTitle "CBM 181 Extra"]
[Source "ChessBase"]
[SourceDate "2017.12.12"]
[SourceVersion "1"]
[SourceVersionDate "2017.12.12"]
[SourceQuality "1"]
[WhiteTeam "Oltenia Craiova"]
[BlackTeam "Timisoara Medicina"]
[WhiteTeamCountry "ROU"]
[BlackTeamCountry "ROU"]

1. Nf3 Nf6 2. c4 e6 3. g3 b6 4. Bg2 Bb7 5. 0-0 g6 6. d3 Bg7 7. e4 d6 8. e5 dxe5 9. Nxe5 Qc8 10. Qa4+ Nfd7 11. d4 Bxg2 12. Kxg2 Qb7+ 13. f3 c5 14. Nxd7 Qxd7 15. Qxd7+ Nxd7 16. d5 Ne5 17. dxe6 Nxc4 18. exf7+ Kxf7 19. Nc3 Rhd8 20. Bg5 Rd3 21. Rae1 h6 22. Bc1 Nxb2 23. Bxb2 Bxc3 24. Bxc3 Rxc3 25. Re4 Rc2+ 26. Kh3 Re8 27. Rf4+ Kg7 28. Rd1 Rce2 29. Ra4 R2e7 30. Rd3 Rc8 31. Rc4 b5 32. Rf4 0-1

[Event "ROM-chT"]
[Site "Baile Govora"]
[Date "2017.11.12"]
[Round "2.2"]
[White "Bida, Mihai Eugen"]
[Black "Berescu, Alin Mile"]
[Result "0-1"]
[WhiteElo "2444"]
[BlackElo "2449"]
[PlyCount "98"]
[EventDate "2017.11.11"]
[EventType "team-tourn"]
[EventRounds "9"]
[EventCountry "ROU"]
[SourceTitle "CBM 181 Extra"]
[Source "ChessBase"]
[SourceDate "2017.12.12"]
[SourceVersion "1"]
[SourceVersionDate "2017.12.12"]
[SourceQuality "1"]
[WhiteTeam "Galati"]
[BlackTeam "Timisoara Medicina"]
[WhiteTeamCountry "ROU"]
[BlackTeamCountry "ROU"]

1. d4 Nf6 2. c4 e6 3. Nf3 b6 4. Bf4 Bb7 5. e3 Bb4+ 6. Nfd2 0-0 7. a3 Bxd2+ 8. Nxd2 d6 9. Bg5 Nbd7 10. f3 c5 11. b4 d5 12. cxd5 exd5 13. bxc5 bxc5 14. Be2 h6 15. Bh4 Re8 16. 0-0 Rxe3 17. Bf2 Re6 18. dxc5 Qe7 19. Bb5 Nxc5 20. Rc1 Rc8 21. Nb3 Nxb3 22. Qxb3 Rxc1 23. Rxc1 a6 24. Bd3 Ne8 25. Rb1 Nd6 26. Bg3 g6 27. Bf1 Bc6 28. Qb8+ Kh7 29. Bxa6 Nf5 30. Bc8 Nxg3 31. hxg3 Re2 32. Qb6 Rc2 33. Ba6 Qxa3 34. Qc7 Qe3+ 35. Kh1 Kg7 36. Qd6 Qe6 37. Qf4 Qf6 38. Rd1 Qxf4 39. gxf4 Kf6 40. Bd3 Rb2 41. Kg1 h5 42. Rc1 Bd7 43. g3 Rd2 44. Bf1 Ke7 45. Ba6 Kd6 46. Re1 Be6 47. Re2 Rxe2 48. Bxe2 Kc5 49. Kf2 Kd4 0-1

[Event "Miercurea Ciuc Bancpost op 20th"]
[Site "Miercurea Ciuc"]
[Date "2017.08.23"]
[Round "7"]
[White "Nastase, Robert Paul"]
[Black "Berescu, Alin Mile"]
[Result "0-1"]
[WhiteElo "2217"]
[BlackElo "2467"]
[PlyCount "82"]
[EventDate "2017.08.17"]
[EventType "swiss"]
[EventRounds "9"]
[EventCountry "ROU"]
[SourceTitle "EXT 2020"]
[Source "ChessBase"]
[SourceDate "2019.10.17"]
[SourceVersion "1"]
[SourceVersionDate "2019.10.17"]
[SourceQuality "1"]

1. e4 c5 2. Nf3 d6 3. d4 cxd4 4. Nxd4 Nf6 5. Nc3 a6 6. Bg5 Nbd7 7. Qe2 b5 8. 0-0-0 Bb7 9. f4 Rc8 10. e5 dxe5 11. fxe5 Rxc3 12. exf6 Rc5 13. h4 Re5 14. fxg7 Bxg7 15. Qf2 Qb6 16. Be2 0-0 17. Rhf1 Be4 18. Kb1 Rd5 19. Be3 Qd6 20. Nb3 Ne5 21. Bc5 Rxd1+ 22. Bxd1 Qc7 23. Qf4 f5 24. Rg1 a5 25. Be3 Qc6 26. Nxa5 Qa6 27. Nb3 Ra8 28. a3 Nc4 29. Bc1 b4 30. Nc5 Qf6 31. a4 Qd4 32. Nxe4 Na3+ 33. Ka2 Qxg1 34. Nf2 Qe1 35. Qxf5 Rf8 36. Qd5+ e6 37. Nd3 Qxd1 38. Qxe6+ Kh8 39. Bh6 Qb1+ 40. Kb3 Qxc2+ 41. Kxb4 Rb8+ 0-1

[Event "Miercurea Ciuc Bancpost op 20th"]
[Site "Miercurea Ciuc"]
[Date "2017.08.22"]
[Round "6"]
[White "Berescu, Alin Mile"]
[Black "Manolache, Marius"]
[Result "1/2-1/2"]
[WhiteElo "2467"]
[BlackElo "2495"]
[PlyCount "41"]
[EventDate "2017.08.17"]
[EventType "swiss"]
[EventRounds "9"]
[EventCountry "ROU"]
[SourceTitle "EXT 2020"]
[Source "ChessBase"]
[SourceDate "2019.10.17"]
[SourceVersion "1"]
[SourceVersionDate "2019.10.17"]
[SourceQuality "1"]

1. c4 Nf6 2. g3 d6 3. Bg2 g6 4. Nc3 c5 5. Nf3 Nc6 6. a3 Bg7 7. Rb1 Rb8 8. 0-0 0-0 9. d3 Ne8 10. Bd2 a5 11. Ne1 Bd7 12. Nc2 Nc7 13. b4 axb4 14. axb4 Nxb4 15. Nxb4 cxb4 16. Rxb4 b5 17. cxb5 Nxb5 18. Nxb5 Rxb5 19. Rxb5 Bxb5 20. Qb3 Bd7 21. Rc1 1/2-1/2

[Event "Miercurea Ciuc Bancpost op 20th"]
[Site "Miercurea Ciuc"]
[Date "2017.08.21"]
[Round "5"]
[White "Trifan, Andrei Ioan"]
[Black "Berescu, Alin Mile"]
[Result "0-1"]
[WhiteElo "2142"]
[BlackElo "2467"]
[PlyCount "78"]
[EventDate "2017.08.17"]
[EventType "swiss"]
[EventRounds "9"]
[EventCountry "ROU"]
[SourceTitle "EXT 2020"]
[Source "ChessBase"]
[SourceDate "2019.10.17"]
[SourceVersion "1"]
[SourceVersionDate "2019.10.17"]
[SourceQuality "1"]

1. e4 c5 2. Nf3 d6 3. d4 Nf6 4. dxc5 Nxe4 5. cxd6 Nc6 6. Bd3 Nxd6 7. 0-0 g6 8. Nc3 Bg7 9. Bf4 0-0 10. Qd2 e5 11. Bh6 f5 12. Nb5 Nxb5 13. Bc4+ Kh8 14. Bxg7+ Kxg7 15. Qxd8 Rxd8 16. Bxb5 Kf6 17. c3 e4 18. Bxc6 bxc6 19. Nd4 c5 20. Nb3 Rb8 21. Rfb1 Rd5 22. c4 Re5 23. Na5 Rb6 24. a3 f4 25. b4 e3 26. fxe3 fxe3 27. Rf1+ Kg7 28. b5 Re4 29. Rac1 Be6 30. Rc3 e2 31. Re1 Rd6 32. Kf2 Bg4 33. h3 Rf4+ 34. Rf3 Bxf3 35. gxf3 Rd3 36. Rxe2 Rdxf3+ 37. Kg2 Rxa3 38. Nc6 Rxc4 39. Re7+ Kf6 0-1

[Event "Miercurea Ciuc Bancpost op 20th"]
[Site "Miercurea Ciuc"]
[Date "2017.08.17"]
[Round "1"]
[White "Kocsis, Mihaly"]
[Black "Berescu, Alin Mile"]
[Result "0-1"]
[WhiteElo "1882"]
[BlackElo "2467"]
[PlyCount "52"]
[EventDate "2017.08.17"]
[EventType "swiss"]
[EventRounds "9"]
[EventCountry "ROU"]
[SourceTitle "EXT 2020"]
[Source "ChessBase"]
[SourceDate "2019.10.17"]
[SourceVersion "1"]
[SourceVersionDate "2019.10.17"]
[SourceQuality "1"]

1. e4 c6 2. d4 d5 3. e5 c5 4. c3 Nc6 5. Nf3 Bg4 6. Be2 e6 7. 0-0 Qb6 8. dxc5 Bxc5 9. b4 Bf8 10. Be3 Qc7 11. Nbd2 Nge7 12. Bd4 Nf5 13. b5 Na5 14. Qa4 b6 15. h3 Bxf3 16. Nxf3 Rc8 17. g4 Nxd4 18. cxd4 Qc2 19. Qxc2 Rxc2 20. Bd3 Rc3 21. Rfd1 Ba3 22. Be2 Ke7 23. Rd2 Rhc8 24. Bd3 Nc4 25. Bxc4 R8xc4 26. Kg2 Rb4 0-1

[Event "ROM-ch"]
[Site "Calimanesti Caciulata"]
[Date "2017.03.29"]
[Round "5"]
[White "Vrencian, Lehel"]
[Black "Berescu, Alin Mile"]
[Result "0-1"]
[WhiteElo "2296"]
[BlackElo "2472"]
[PlyCount "68"]
[EventDate "2017.03.25"]
[EventType "swiss"]
[EventRounds "9"]
[EventCountry "ROU"]
[SourceTitle "CBM 177 Extra"]
[Source "ChessBase"]
[SourceDate "2017.04.27"]
[SourceVersion "1"]
[SourceVersionDate "2017.04.27"]
[SourceQuality "1"]

1. d4 Nf6 2. Nf3 e6 3. c4 Bb4+ 4. Bd2 a5 5. Nc3 b6 6. e3 Bb7 7. Bd3 d6 8. Qc2 Nbd7 9. a3 Bxc3 10. Bxc3 Qe7 11. 0-0 a4 12. e4 e5 13. c5 bxc5 14. dxe5 dxe5 15. Rfe1 Bc6 16. Nh4 g6 17. Bd2 Nh5 18. g3 0-0 19. Bc4 Ng7 20. Qd1 Rfb8 21. Rb1 Nf8 22. Bh6 Rb6 23. Qf3 Nfe6 24. Qg4 Bd7 25. Nf5 Nxf5 26. exf5 Nd4 27. Qf4 Bxf5 28. Rbd1 Re8 29. Qe3 Rxb2 30. Kh1 Qf6 31. Bd5 Bg4 32. Rxd4 cxd4 33. Qxd4 Bf3+ 34. Kg1 Rb1 0-1

[Event "ROM-ch"]
[Site "Calimanesti Caciulata"]
[Date "2017.03.28"]
[Round "4"]
[White "Berescu, Alin Mile"]
[Black "Ionescu, Mihai"]
[Result "1/2-1/2"]
[WhiteElo "2472"]
[BlackElo "2274"]
[PlyCount "33"]
[EventDate "2017.03.25"]
[EventType "swiss"]
[EventRounds "9"]
[EventCountry "ROU"]
[SourceTitle "CBM 177 Extra"]
[Source "ChessBase"]
[SourceDate "2017.04.27"]
[SourceVersion "1"]
[SourceVersionDate "2017.04.27"]
[SourceQuality "1"]

1. e4 d6 2. d4 Nf6 3. Nc3 e5 4. Nf3 Nbd7 5. Bc4 Be7 6. 0-0 0-0 7. Re1 b6 8. Bg5 Bb7 9. d5 h6 10. Bxf6 Bxf6 11. Qe2 a6 12. b4 g6 13. Bd3 Kg7 14. Nd2 Bg5 15. Nf1 h5 16. Rab1 Nf6 17. g3 1/2-1/2

[Event "EU-Cup 32nd"]
[Site "Novi Sad"]
[Date "2016.11.12"]
[Round "7.4"]
[White "Georgescu, Tiberiu Marian"]
[Black "Berescu, Alin Mile"]
[Result "0-1"]
[WhiteElo "2460"]
[BlackElo "2452"]
[PlyCount "72"]
[EventDate "2016.11.06"]
[EventType "team-swiss"]
[EventRounds "7"]
[EventCountry "SRB"]
[SourceTitle "CBM 176"]
[Source "ChessBase"]
[SourceDate "2017.01.17"]
[SourceVersion "1"]
[SourceVersionDate "2017.01.17"]
[SourceQuality "1"]
[WhiteTeam "Baia Mare"]
[BlackTeam "Timisoara Luxten"]
[WhiteTeamCountry "ROU"]
[BlackTeamCountry "ROU"]

1. d4 Nf6 2. c4 e6 3. Nc3 Bb4 4. e3 0-0 5. Nge2 d5 6. a3 Bd6 7. Ng3 c6 8. Qc2 e5 9. cxd5 cxd5 10. Nb5 Nc6 11. Nxd6 Qxd6 12. dxe5 Qxe5 13. Bb5 Bd7 14. 0-0 h5 15. Bxc6 bxc6 16. Bd2 h4 17. Bc3 Qe6 18. Ne2 Ne4 19. Nf4 Qh6 20. Bb4 Rfe8 21. f3 Nd6 22. Bxd6 Qxd6 23. Qf2 d4 24. Rad1 c5 25. Qxh4 Ba4 26. Rd2 Rxe3 27. Qg5 Bb5 28. Rc1 Re5 29. Qg3 Rae8 30. Nd3 Bxd3 31. Rxd3 c4 32. Rd2 c3 33. Rxc3 dxc3 34. Rxd6 Re1+ 35. Qxe1 Rxe1+ 36. Kf2 cxb2 0-1

[Event "EU-Cup 32nd"]
[Site "Novi Sad"]
[Date "2016.11.10"]
[Round "5.4"]
[White "Leko, Peter"]
[Black "Berescu, Alin Mile"]
[Result "1-0"]
[WhiteElo "2693"]
[BlackElo "2452"]
[PlyCount "63"]
[EventDate "2016.11.06"]
[EventType "team-swiss"]
[EventRounds "7"]
[EventCountry "SRB"]
[SourceTitle "CBM 176"]
[Source "ChessBase"]
[SourceDate "2017.01.17"]
[SourceVersion "1"]
[SourceVersionDate "2017.01.17"]
[SourceQuality "1"]
[WhiteTeam "Padova"]
[BlackTeam "Timisoara Luxten"]
[WhiteTeamCountry "ITA"]
[BlackTeamCountry "ROU"]

1. e4 e6 2. d4 d5 3. Nc3 Nf6 4. e5 Nfd7 5. f4 c5 6. Nf3 Nc6 7. Be3 a6 8. Qd2 b5 9. dxc5 Bxc5 10. Bd3 Qb6 11. Bf2 Bb7 12. 0-0 0-0 13. a3 h6 14. Rae1 f6 15. exf6 Rxf6 16. f5 Nd4 17. Nxd4 Bxd4 18. Rxe6 Bxf2+ 19. Qxf2 Rxe6 20. fxe6 Qxe6 21. Bf5 Qd6 22. Bxd7 Qxd7 23. Ne2 d4 24. Nxd4 Re8 25. c3 Qd5 26. h3 Qc4 27. Qg3 Be4 28. Rf6 Kh7 29. Rxa6 Re7 30. Qg4 Qd3 31. Re6 Bf5 32. Nxf5 1-0

[Event "EU-Cup 32nd"]
[Site "Novi Sad"]
[Date "2016.11.06"]
[Round "1.4"]
[White "Herman, Jean"]
[Black "Berescu, Alin Mile"]
[Result "0-1"]
[WhiteElo "2237"]
[BlackElo "2452"]
[PlyCount "70"]
[EventDate "2016.11.06"]
[EventType "team-swiss"]
[EventRounds "7"]
[EventCountry "SRB"]
[SourceTitle "CBM 176"]
[Source "ChessBase"]
[SourceDate "2017.01.17"]
[SourceVersion "1"]
[SourceVersionDate "2017.01.17"]
[SourceQuality "1"]
[WhiteTeam "Fontaine"]
[BlackTeam "Timisoara Luxten"]
[WhiteTeamCountry "BEL"]
[BlackTeamCountry "ROU"]

1. d4 Nf6 2. c4 e6 3. Nf3 Bb4+ 4. Nc3 c5 5. d5 d6 6. Bd2 0-0 7. g3 exd5 8. Nxd5 Nxd5 9. cxd5 Bxd2+ 10. Nxd2 Re8 11. e3 Nd7 12. Bg2 b5 13. a4 Ba6 14. 0-0 bxa4 15. Re1 Bb5 16. Ne4 Ne5 17. Nc3 Bd7 18. Nxa4 Qf6 19. h3 Rab8 20. f4 Nc4 21. e4 Rb4 22. e5 dxe5 23. b3 Bxa4 24. bxa4 Nd6 25. Qc2 exf4 26. Qxc5 Reb8 27. Rf1 g5 28. Qxa7 Nf5 29. gxf4 gxf4 30. Rae1 Qg5 31. Rf2 Rb1 32. Qa5 Ne3 33. Kh1 Qg3 34. Qd2 R8b2 35. Qxb2 Rxb2 0-1

[Event "Vienna op-A"]
[Site "Vienna"]
[Date "2016.08.22"]
[Round "8"]
[White "Berescu, Alin Mile"]
[Black "Exler, Veronika"]
[Result "1-0"]
[WhiteElo "2458"]
[BlackElo "2194"]
[PlyCount "47"]
[EventDate "2016.08.16"]
[EventType "swiss"]
[EventRounds "9"]
[EventCountry "AUT"]
[SourceTitle "CBM 173 Extra"]
[Source "ChessBase"]
[SourceDate "2016.08.29"]
[SourceVersion "1"]
[SourceVersionDate "2016.08.29"]
[SourceQuality "1"]

1. c4 e6 2. e4 d5 3. exd5 exd5 4. d4 Nf6 5. Nc3 c6 6. Bd3 dxc4 7. Bxc4 Bd6 8. Nf3 0-0 9. 0-0 Nbd7 10. Bb3 Qc7 11. Bg5 h6 12. Bh4 Ng4 13. h3 Ngf6 14. Qd3 Qa5 15. Rfe1 b6 16. Rad1 Ba6 17. Qg6 Qh5 18. Qxh5 Nxh5 19. Be7 Bxe7 20. Rxe7 Nhf6 21. Ne5 Nxe5 22. dxe5 Nd5 23. Nxd5 cxd5 24. Bxd5 1-0

[Event "ROM-ch"]
[Site "Olanesti"]
[Date "2016.04.08"]
[Round "7"]
[White "Pop, Alexandru"]
[Black "Berescu, Alin Mile"]
[Result "0-1"]
[WhiteElo "2286"]
[BlackElo "2454"]
[PlyCount "92"]
[EventDate "2016.04.02"]
[EventType "swiss"]
[EventRounds "9"]
[EventCountry "ROU"]
[SourceTitle "CBM 171 Extra"]
[Source "ChessBase"]
[SourceDate "2016.04.26"]
[SourceVersion "1"]
[SourceVersionDate "2016.04.26"]
[SourceQuality "1"]

1. e4 c5 2. Nf3 e6 3. g3 Nc6 4. Bg2 d5 5. exd5 exd5 6. d4 Bg4 7. h3 Qe7+ 8. Kf1 Bxf3 9. Bxf3 Nxd4 10. Nc3 0-0-0 11. Nxd5 Qe6 12. c4 Ne7 13. Nxe7+ Bxe7 14. Bd5 Rxd5 15. cxd5 Qxd5 16. f3 Rd8 17. Kg2 Qf5 18. g4 Qg6 19. Bf4 Ne6 20. Qc1 Nxf4+ 21. Qxf4 Qc2+ 22. Kf1 Rd2 23. Qf5+ Qxf5 24. gxf5 Rxb2 25. Re1 Bf6 26. Re2 Rb4 27. Re4 Rb1+ 28. Re1 Rb2 29. Re2 Rb4 30. Re4 c4 31. Rh2 Rb1+ 32. Kf2 c3 33. Ke3 b5 34. Kd3 Rd1+ 35. Kc2 Rd5 36. Rhe2 Rxf5 37. f4 Rd5 38. Re8+ Kc7 39. Rf8 Rd7 40. Kb3 Kc6 41. Rc8+ Kb7 42. Rf8 a6 43. Rg2 Re7 44. a3 Rc7 45. Kc2 a5 46. Kb3 c2 0-1

[Event "ROM-ch"]
[Site "Olanesti"]
[Date "2016.04.05"]
[Round "4"]
[White "Acsinte, Matei Ionut"]
[Black "Berescu, Alin Mile"]
[Result "0-1"]
[WhiteElo "2228"]
[BlackElo "2454"]
[PlyCount "38"]
[EventDate "2016.04.02"]
[EventType "swiss"]
[EventRounds "9"]
[EventCountry "ROU"]
[SourceTitle "CBM 171 Extra"]
[Source "ChessBase"]
[SourceDate "2016.04.26"]
[SourceVersion "1"]
[SourceVersionDate "2016.04.26"]
[SourceQuality "1"]

1. d4 Nf6 2. Nf3 e6 3. e3 b6 4. Bd3 Bb7 5. Nbd2 c5 6. 0-0 cxd4 7. exd4 Be7 8. Re1 d6 9. Nf1 Nbd7 10. Ng3 0-0 11. Qe2 Re8 12. Ng5 Bf8 13. Nh5 h6 14. Nxf6+ Qxf6 15. Qg4 g6 16. Ne4 Qxd4 17. Be3 Qg7 18. Bb5 f5 19. Bd4 e5 0-1

[Event "ROM-ch"]
[Site "Olanesti"]
[Date "2016.04.04"]
[Round "3"]
[White "Berescu, Alin Mile"]
[Black "Daianu, Cristian Clement"]
[Result "1-0"]
[WhiteElo "2454"]
[BlackElo "2157"]
[PlyCount "87"]
[EventDate "2016.04.02"]
[EventType "swiss"]
[EventRounds "9"]
[EventCountry "ROU"]
[SourceTitle "CBM 171 Extra"]
[Source "ChessBase"]
[SourceDate "2016.04.26"]
[SourceVersion "1"]
[SourceVersionDate "2016.04.26"]
[SourceQuality "1"]

1. e4 c5 2. Nf3 d6 3. d4 cxd4 4. Nxd4 Nf6 5. Nc3 a6 6. Be3 e6 7. f3 b5 8. Qd2 Be7 9. g4 h6 10. 0-0-0 b4 11. Nce2 Qc7 12. h4 Nbd7 13. Ng3 Nc5 14. g5 Nfd7 15. gxh6 gxh6 16. Nh5 Bf8 17. Kb1 Bb7 18. Rg1 d5 19. exd5 Bxd5 20. Ng7+ Bxg7 21. Rxg7 Rb8 22. Bf4 Qa5 23. b3 Qa3 24. Qc1 Qxc1+ 25. Kxc1 Rd8 26. Bd6 Rc8 27. Be2 Nf6 28. Kb2 Nh5 29. Rgg1 Kd7 30. Be5 f6 31. Bh2 Rhg8 32. Rg4 Ke7 33. a3 a5 34. axb4 axb4 35. Nb5 Rxg4 36. fxg4 Ng7 37. Nc7 Be4 38. Bd6+ Kf7 39. Rd4 f5 40. Rxb4 Nb7 41. Be5 Nc5 42. Rc4 Nd7 43. Bxg7 Nb6 44. Be5 1-0

[Event "ROM-ch"]
[Site "Olanesti"]
[Date "2016.04.03"]
[Round "2"]
[White "Chima, Radu Niculin"]
[Black "Berescu, Alin Mile"]
[Result "1/2-1/2"]
[WhiteElo "2140"]
[BlackElo "2454"]
[PlyCount "57"]
[EventDate "2016.04.02"]
[EventType "swiss"]
[EventRounds "9"]
[EventCountry "ROU"]
[SourceTitle "CBM 171 Extra"]
[Source "ChessBase"]
[SourceDate "2016.04.26"]
[SourceVersion "1"]
[SourceVersionDate "2016.04.26"]
[SourceQuality "1"]

1. c4 e5 2. Nc3 Nf6 3. g3 Bb4 4. Bg2 0-0 5. Nf3 Re8 6. 0-0 c6 7. d3 h6 8. Qb3 Ba5 9. Rd1 d6 10. h3 Bb6 11. Na4 Bc7 12. Be3 Nbd7 13. d4 e4 14. Nd2 d5 15. Nc3 Nf8 16. Rac1 Ne6 17. cxd5 cxd5 18. Nf1 a6 19. Nh2 Qd6 20. Ng4 Nxg4 21. hxg4 Rd8 22. Nxe4 dxe4 23. d5 Qe7 24. dxe6 Rxd1+ 25. Rxd1 Qxe6 26. Qc2 Qe7 27. Bc5 Qg5 28. Be3 Qe7 29. Bc5 1/2-1/2